000 00523nam a22001577a 4500
003 NUST
038 _aNusrat Nadeem
082 _a200
100 _aAli, Basit
_9130764
245 _aEnhanced S-Box Classification Using Machine Learning for Cryptographic Design Optimization/
_cBasit Ali,
264 _aIslamabad:
_bSEECS NUST.
_c2025.
650 _aMS- Information Security
_927215
700 _aSupervisor: Dr. Mehdi Hussain
_996690
856 _u http://10.250.8.41:8080/xmlui/handle/123456789/55330
942 _2ddc
_cSC
999 _c615105
_d615105